LEADER 01228nam a2200301 u 4500 001 000000070149 003 CaOOAMICUS 005 20070226122005.0 008 020429s1993 it ab u000 u ita u 020 $a8805053317 035 $a10928121 040 $aPUL(R)$bita 041 1 $aita$heng 100 1 $aMansfield, Peter.$0(OLS)http://pul/name/46668 240 10$aHistory of the Middle East.$lItaliano.$0(OLS)http://pul/title/92533 245 10$aStoria del Medio Oriente /$cPeter Mansfield ; postfazione di Sergio Noja. 260 $aTorino :$bSocietà editrice internazionale,$cc1993. 300 $a413 p., c. di tav. :$bc. geogr. ;$c22 cm 500 $aInclude indici. 651 4$aMedio Oriente$xStoria.$0(OLS)http://pul/subject/1714 700 1 $aNoja, Sergio.$0(OLS)http://pul/name/8179 850 $aPUL 852 $aPUL$W1$xSL Filosofia 1$y2$m131 D 48$j90787$nBK-PRI$b $qStampati$B90787$CPULBib$Z2$F90787 $H $81 941 1 $a8 961 $aINV: 70790 996 $6020$a8805053317$9(OLS)http://pul/number/90775 996 $6245$aStoria del Medio Oriente$9(OLS)http://pul/title/92534 996 $6260$aTorino :$bSocietà editrice internazionale$9(OLS)http://pul/publisher/48156 LEADER 01237nam a2200301 u 4500 001 000000077260 003 CaOOAMICUS 005 20070226123312.0 008 040123s1995 it a u000 u ita u 020 $a8880250434 035 $a10981962 040 $aPUL$bita 245 00$aStoria religiosa dei popoli nordici /$ca cura di Ferdinando Citterio, Luciano Vaccaro. 260 $aMilano :$bCentro Ambrosiano,$cc1995. 300 $a325 p. :$bill. ;$c18 cm 490 1 $aEuropa ricerche ;$v2 500 $aContiene indici. 504 $aInclude bibliografia. 651 4$aScandinavia$xReligione.$0(OLS)http://pul/subject/26863 700 1 $aVaccaro, Luciano.$0(OLS)http://pul/name/8200 700 1 $aCitterio, Ferdinando.$0(OLS)http://pul/name/30358 830 0$aEuropa ricerche ;$v2.$0(OLS)http://pul/title/55639 850 $aPUL 852 $aPUL$W1$xDP1 Cons. Gen., Altre Classi 1$y22$m140 H 2$j99284$nBK-PRI$b $qStampati$B99284$CPULBib$Z2$F99284 $HPUL92255 $81 941 1 $a8 996 $6020$a8880250434$9(OLS)http://pul/number/101273 996 $6245$aStoria religiosa dei popoli nordici$9(OLS)http://pul/title/101308 996 $6260$aMilano :$bCentro Ambrosiano$9(OLS)http://pul/publisher/64424